Petit dictionnaire de la micro
| Main Author: | |
|---|---|
| Format: | Book |
| Language: | Undetermined |
| PhysicalDescription: | 361 s. |
| Published: |
Paris
Sybex
1992
|
MARC
| LEADER | 00000nam a2200000 a 4500 | ||
|---|---|---|---|
| 001 | vtls001286213 | ||
| 003 | SK-MaSNL | ||
| 005 | 20260301064838.0 | ||
| 008 | 240314s1992 xx 0 und | ||
| 035 | |a SNK000237758 | ||
| 040 | |a SNK |b slo |c SNK |e AACR2 | ||
| 100 | 1 | |a Sillescu, Daniel |4 aut |9 382727 | |
| 245 | 1 | 0 | |a Petit dictionnaire de la micro |
| 260 | |a Paris |b Sybex |c 1992 | ||
| 300 | |a 361 s. | ||
| 999 | |c 628445 |d 630375 | ||
| 952 | |t P66, <07>, [BOOK], {667} |a SNK |b SNK |y NEVYP |7 1 |p 17A0064955 |o prac. ex. |i snkŠKL 21/93 |0 0 |1 0 |4 0 |d 1997-05-12 |l 0 |r 2005-01-02 00:00:00 |w 2026-02-23 | ||


